000 00772nam a22002652 4500
001 0000004521
003 OSt
005 20230525163259.0
008 070524s xx 000 0 eng d
020 _a143904936x
040 _aKABU
_cKABU
050 0 _aQA154.2
_b.A94 2011
100 1 _aAufmann, Richard N.
245 1 0 _aCollege algebra /
_cRichard Aufmann, Vernon C. Barker, Richard D. Nation.
250 _a7th ed.
260 _aBoston :
_bHoughton Mifflin,
_c2011
300 _a1 v. (various pagings) :
650 0 _aAlgebra.
700 1 _aBarker, Vernon C.
700 1 _aNation, Richard D.
908 _a070524
942 _2lcc
_cBK
999 _c20156
_d20155